000 00430nam a22001337a 4500
008 230823b |||||||| |||| 00| 0 eng d
020 _a9780993624100
082 _a305.42
100 _aKhandaker, Nadim R.
245 _aHow to make men smell better:
_bA laymans guide to water treatment technologies for rural communities.
260 _aCanada:
_bSaint John new Brunswick;
_c2014.
300 _a60 p:
_bill;
_c22.5 cm.
942 _2ddc
999 _c9693
_d9694